Suomen nisäkkäät - Statistics

Yleistilastot
  • Tätä visaa on pelattu 81 kertaa
    42 viimeisimmän päivityksen jälkeen
  • Keskiarvotulos 22 / 69
Vastaustilastot
% Oikein
SO hirvi
94%
P karhu
91%
P kettu
88%
SO poro
84%
P susi
78%
rusakko
75%
P ilves
72%
P lumikko
72%
P ahma
69%
P mäyrä
69%
P supikoira
69%
SO valkohäntäpeura
69%
SO metsäkauris
66%
P näätä
66%
JY metsähiiri
63%
metsäjänis
56%
SO metsäpeura
53%
P saukko
53%
S siili
53%
P kärppä
50%
JY orava
50%
JY peltohiiri
50%
SO villisika
50%
P naali
44%
P saimaannorppa
44%
P minkki
41%
JY kanadanmajava
34%
JY liito-orava
34%
JY piisami
34%
JY euroopanmajava
28%
JY metsämyyrä
28%
P halli
25%
P hilleri
25%
JY peltomyyrä
25%
JY tunturisopuli
25%
KO kontiainen
22%
SO kuusipeura
22%
metsäpäästäinen
22%
JY vesimyyrä
19%
JY metsäsopuli
16%
vesipäästäinen
16%
JY isorotta
13%
kääpiöpäästäinen
13%
L pohjanlepakko
13%
L viiksisiippa
13%
villikaniini
13%
JY harmaakuvemyyrä
9%
L isolepakko
9%
JY lapinmyyrä
9%
L pikkulepakko
9%
JY vaivaishiiri
9%
idänpäästäinen
6%
P itämerennorppa
6%
JY kenttämyyrä
6%
JY koivuhiiri
6%
JY mustarotta
6%
JY punamyyrä
6%
vaivaispäästäinen
6%
L vesisiippa
6%
L etelänlepakko
3%
JY idänkenttämyyrä
3%
L kääpiölepakko
3%
L kimolepakko
3%
L korvayökkö
3%
mustapäästäinen
3%
L isoviiksisiippa
0%
L lampisiippa
0%
L ripsisiippa
0%
L vaivaislepakko
0%
Ehtoja vastaavia visoja ei löytynyt
Tulosjakauma
Jokaisen tuloksen saaneiden osuus
Persentiili vastausten määrän mukaan
Tuloshistoriasi
Et ole pelannut tätä visaa sen viimeisimmän päivityksen jälkeen